Socio-technical interaction and quality of PSC capability of enterprise networks of SME companies in aeronautical and automotive supply chains

Salvato in:
Dettagli Bibliografici
Autore principale: Grabot, Bernard
Altri autori: Marsina, Štefan, Mayere, Anne, Riedel, Ralph, Williams, Peter
Natura: Capitolo di libro
Lingua:inglese
Soggetti:
Tags: Aggiungi Tag
Nessun Tag, puoi essere il primo ad aggiungerne!!

MARC

LEADER 00000nla$a2200000$$$4500
001 0083677
005 20240502083222.2
041 0 |a eng 
044 |a CH 
245 1 0 |a Socio-technical interaction and quality of PSC capability of enterprise networks of SME companies in aeronautical and automotive supply chains  |c Bernard Grabot, Stefan Marsina, Anne Mayere, Ralph Riedel, Peter Williams 
610 2 0 |a podnik stredný 
610 2 0 |a reťazce dodávateľsko-odberateľské 
610 2 0 |a priemysel letecký 
610 2 0 |a priemysel automobilový 
100 1 |a Grabot, Bernard 
700 1 |a Marsina, Štefan 
700 1 |a Mayere, Anne 
700 1 |a Riedel, Ralph 
700 1 |a Williams, Peter